United Nations Countries of the World Quiz - Statistics

General Stats
  • This quiz has been taken 364 times
    352 since last reset
  • The average score is 123 of 193
Answers on the Map
Answers color-coded by a green-red scale on the quiz's map according to % correct below.
 
Answer Stats
Hint Hint Country % Correct
153 129 United States
90%
143 66 Canada
89%
615.0 140.9 China
87%
151.0 182.0 Mexico
87%
577 52 Russia
86%
377 86 United Kingdom
85%
683.0 342.0 Australia
84%
266 294 Brazil
83%
556 185.9 India
82%
386 105 France
81%
234.0 373.0 Argentina
79%
401.5 73.5 Denmark
79%
404.0 89.9 Germany
79%
416.4 124.2 Italy
79%
693.3 140.0 Japan
79%
614.2 104.1 Mongolia
79%
450.6 96.0 Ukraine
79%
437 52 Finland
78%
401.7 57 Norway
78%
372 127.5 Spain
78%
414.3 60.5 Sweden
78%
218 384 Chile
77%
206.0 190.2 Cuba
77%
447.0 171.3 Egypt
77%
341 43 Iceland
77%
363.0 82.5 Ireland
77%
776.7 391.9 New Zealand
77%
665.7 127 North Korea
77%
208 292 Peru
77%
669 139 South Korea
77%
430 129 Greece
76%
501.3 152.5 Iran
76%
423.6 87.1 Poland
76%
216.3 247.5 Colombia
75%
361.7 127.6 Portugal
75%
414.2 100.9 Austria
74%
478.8 149.9 Iraq
74%
459.0 157.0 Israel
74%
393 86.9 Netherlands
74%
198 232.5 Panama
74%
482.1 179.9 Saudi Arabia
74%
431 365 South Africa
74%
460.3 130.6 Turkey
74%
398.4 103.5 Switzerland
73%
425.5 124.0 Albania
72%
443.4 81.2 Belarus
72%
391.0 91.0 Belgium
72%
236.0 319.0 Bolivia
72%
486.0 324.3 Madagascar
72%
403.3 203.9 Niger
72%
232 235 Venezuela
72%
624.3 219.9 Vietnam
72%
528.0 149.2 Afghanistan
71%
439.0 64.8 Estonia
71%
424.4 103.1 Hungary
71%
533.0 100.0 Kazakhstan
71%
535.7 164.2 Pakistan
71%
221 197 Dominican Republic
70%
204.0 265.5 Ecuador
70%
635.5 264 Indonesia
70%
438.0 70.6 Latvia
70%
434.3 76.3 Lithuania
70%
398.0 230.8 Nigeria
70%
509.33 187.2 Oman
70%
436.7 107.1 Romania
70%
423.0 98.0 Slovakia
70%
448.5 209.5 Sudan
70%
488.3 208.2 Yemen
70%
384.2 167.2 Algeria
69%
422.6 209.4 Chad
69%
414.0 93.8 Czech Republic
69%
366.0 153.5 Morocco
69%
248.9 339.7 Paraguay
69%
254.9 370.2 Uruguay
69%
180.4 215.0 El Salvador
68%
703.7 282.4 Papua New Guinea
68%
657 220.6 Philippines
68%
427.6 113.0 Serbia
68%
421.0 113.0 Bosnia and Herzegovina
67%
437.8 117.9 Bulgaria
67%
418.0 108.0 Croatia
67%
433.0 267.2 Democratic Republic of the Congo
67%
206 200.2 Jamaica
67%
610.3 194.9 Laos
67%
419.3 172.9 Libya
67%
569.8 166.5 Nepal
67%
413.0 106.5 Slovenia
67%
608.0 207.9 Thailand
67%
513.0 130.6 Turkmenistan
67%
218 196 Haiti
66%
184.5 210.7 Honduras
66%
462.3 158.9 Jordan
66%
502.0 182.5 United Arab Emirates
66%
583.0 181.8 Bangladesh
65%
616.0 219.1 Cambodia
65%
470.0 234.2 Ethiopia
65%
188.2 218.1 Nicaragua
65%
416.9 260.5 Republic of the Congo
65%
488 230 Somalia
65%
449.6 239.5 South Sudan
65%
610.3 247.2 Malaysia
64%
597.0 188.5 Myanmar
64%
480.5 125.0 Armenia
63%
192.0 228.0 Costa Rica
63%
479 120 Georgia
63%
177.4 210.0 Guatemala
63%
562 235.3 Sri Lanka
63%
525 122.5 Uzbekistan
63%
427.6 239.0 Central African Republic
62%
353.3 224.2 Guinea
62%
377 202.2 Mali
62%
429.5 121.7 North Macedonia
62%
495.7 176.2 Qatar
62%
467.0 143.0 Syria
62%
545.2 133.5 Tajikistan
62%
209.0 180.9 Bahamas
61%
242.4 209.5 Dominica
61%
465.8 259.9 Kenya
61%
254.4 248.1 Suriname
61%
584.1 169.4 Bhutan
60%
782.9 320.1 Fiji
60%
394.3 94.2 Luxembourg
60%
455.3 143.7 Cyprus
59%
548.0 122.0 Kyrgyzstan
59%
412.9 141.1 Malta
59%
444.4 102.0 Moldova
59%
447.8 267.7 Rwanda
59%
180.9 203.6 Belize
58%
248 242 Guyana
58%
420.0 301.2 Angola
57%
487.6 125.0 Azerbaijan
57%
404.0 255.8 Equatorial Guinea
57%
466.3 209.2 Eritrea
57%
368.0 235.9 Ivory Coast
57%
444.0 360.5 Lesotho
57%
359.2 239.6 Liberia
57%
354 195.5 Mauritania
57%
401 148 Tunisia
57%
378.2 234.5 Ghana
56%
461.7 146.8 Lebanon
56%
383.0 232.4 Togo
56%
453.1 256.6 Uganda
56%
438 310 Zambia
56%
384.0 118.7 Andorra
55%
385.7 225.0 Benin
55%
435.0 336.1 Botswana
55%
407.0 247.0 Cameroon
55%
344 216 Gambia
55%
402.0 103.1 Liechtenstein
55%
423.7 117.8 Montenegro
55%
467 309.5 Mozambique
55%
447.0 325.0 Zimbabwe
55%
408.5 113.9 San Marino
54%
476.4 221.6 Djibouti
53%
347 212 Senegal
53%
459.1 282.5 Tanzania
53%
377.0 219.0 Burkina Faso
52%
487.0 162.9 Kuwait
52%
614.2 256.7 Singapore
52%
494.3 174.0 Bahrain
51%
347.7 220.3 Guinea-Bissau
51%
397.2 114.5 Monaco
51%
717.7 235.2 Federated States of Micronesia
50%
418 328 Namibia
50%
242.5 226.6 Trinidad and Tobago
50%
447.8 272.6 Burundi
48%
326.7 206.9 Cape Verde
48%
545.9 248.9 Maldives
48%
510.1 329.1 Mauritius
48%
506.5 276 Seychelles
48%
451.3 350.1 Eswatini
46%
406.5 264 Gabon
46%
456.0 307.0 Malawi
46%
760.6 232.2 Marshall Islands
46%
243.2 214.6 Saint Lucia
46%
246.5 217.0 Barbados
45%
242.7 216.8 Saint Vincent and the Grenadines
45%
354.0 232.9 Sierra Leone
45%
638.6 246.1 Brunei
43%
239.4 203.4 Saint Kitts and Nevis
43%
742.1 295.0 Solomon Islands
43%
785 295.3 Tuvalu
43%
759 318.6 Vanuatu
43%
241.6 220.6 Grenada
42%
395.5 260.6 São Tomé and Príncipe
42%
241.4 204.0 Antigua and Barbuda
41%
798.1 328.7 Tonga
41%
479.4 301.4 Comoros
40%
21.0 272.0 Kiribati
40%
680.5 241.3 Palau
40%
802.8 307.7 Samoa
40%
664.3 290.8 East Timor
39%
755 264 Nauru
37%
No matching quizzes found
Score Distribution
Percent of People with Each Score
Percentile by Number Answered
Your Score History
You have not taken this quiz since the last reset